चंदायन के रचयिता मौलाना दाऊदः (नवीन शोध और समीक्षा) / (Record no. 11706)

MARC details
000 -LEADER
fixed length control field 01186 a2200217 4500
005 - DATE AND TIME OF LATEST TRANSACTION
control field 20080826121059.0
008 - FIXED-LENGTH DATA ELEMENTS--GENERAL INFORMATION
fixed length control field 080826t xxu||||| |||| 00| 0 hin d
010 ## - LIBRARY OF CONGRESS CONTROL NUMBER
LC control number HIN-83115
020 ## - INTERNATIONAL STANDARD BOOK NUMBER
International Standard Book Number 8182340594
Terms of availability 95.00
035 ## - SYSTEM CONTROL NUMBER
System control number HN-55461
037 ## - SOURCE OF ACQUISITION
Source of stock number/acquisition पु.प्र.अ.प्र /प्रका
082 ## - DEWEY DECIMAL CLASSIFICATION NUMBER
Classification number 821.08
100 ## - MAIN ENTRY--PERSONAL NAME
Personal name पाण्डेय, श्याम मनोहर
245 ## - TITLE STATEMENT
Title चंदायन के रचयिता मौलाना दाऊदः (नवीन शोध और समीक्षा) /
Statement of responsibility, etc श्याम मनोहर पाण्डेय
246 ## - VARYING FORM OF TITLE
Title proper/short title Chandayan ke Rachayita Maulana Daud
Remainder of title by Shyam Manohar Pandey
260 ## - PUBLICATION, DISTRIBUTION, ETC. (IMPRINT)
Place of publication, distribution, etc इलाहाबाद
Name of publisher, distributor, etc साहित्य भवन
Date of publication, distribution, etc 2006
270 ## - ADDRESS
Address 93/154, जीरोरोड
City इलाहाबाद
300 ## - PHYSICAL DESCRIPTION
Extent 76पृ
Dimensions 22 सेमी (सजिल्द)
942 ## - ADDED ENTRY ELEMENTS (KOHA)
Institution code [OBSOLETE] dpl
Koha item type Hindi Books
Call number prefix 821.08 / पाण्डेय
Source of classification or shelving scheme Dewey Decimal Classification
Classification part 821.08
Call number suffix पाण्डेय
Holdings
Withdrawn status Lost status Damaged status Not for loan Home library Current library Date acquired Cost, normal purchase price Total Checkouts Full call number Barcode Date last seen Copy number Uniform Resource Identifier Cost, replacement price Price effective from Koha item type
        D.B.Act.Division D.B.Act.Division   95.00   821.08 पाण्डेय HN-55461 15/09/2008 1 12820 95.00 15/09/2008 Hindi Books

© Delhi Public Library
Hit Counter
free hit counter